Facultad de Odontología.  Biblioteca.  Nodo central                      



header.jpg
Vista normal Vista MARC
  • Cortéz Mejía, Abraham

Entrada Nombre personal

Número de registros utilizados en: 2

001 - NÚMERO DE CONTROL

  • campo de control: 10877

003 - IDENTIFICADOR DE NÚMERO DE CONTROL

  • campo de control: gtgcusco

005 - FECHA Y HORA DE LA ÚLTIMA TRANSACCIÓN

  • campo de control: 20250122095500.0

008 - ELEMENTOS DE DATO DE LONGITUD-FIJA

  • campo de control de longitud fija: 250122|| aca||aabn | a|a d

040 ## - FUENTE DE CATALOGACIÓN

  • Centro catalogador/agencia de origen: gtgcusco
  • Centro/agencia transcriptor: gtgcusco

100 ## - ENCABEZAMIENTO-NOMBRE DE PERSONA

  • Nombre de persona: Cortéz Mejía, Abraham

670 ## - FUENTE DE DATOS ENCONTRADOS

  • Cita de la fuente: Work cat.: (gtgcusco)4255: Robles Soria, Ingrid Magaly 10875, Estudio para determinar el desempeño académico y clínico, así como las enfermedades ocupacionales que podrían padecer los estudiantes zurdos de la Facultad de Odontología de la Universidad de San Carlos de Guatemala desenvolviéndose dentro de un ambiente diseñado para diestros (el derecho de ser odontólogo zurdo)., 2009